000 00943cam a22002893a 4500
001 12345
003 PGUSA
005 20140828083248.0
008 050831s2005||||xxu|||||s|||||000 1 eng d
040 _aPGUSA
_beng
042 _adc
050 4 _aPS
100 1 _aLawson, Thomas William,
_d1857-1925
245 1 0 _aFriday, the Thirteenth :
_bA Novel
_h[electronic resource] /
_cThomas William Lawson
260 _bProject Gutenberg,
_c2005
506 _aPublic domain in the USA.
516 _aElectronic text
653 _aNational banks (United States) -- Fiction
653 _aStock exchanges -- United States -- Fiction
653 _aBanks and banking, American -- Fiction
653 _aBanks and banking, International -- Fiction
653 _aFinancial crises -- Fiction
700 1 _aIvanowski, Sigismond de,
_d1875-
830 0 _aProject Gutenberg
_v12345
856 4 0 _uhttp://www.gutenberg.org/ebooks/12345
942 _cEB
999 _c241600
_d241600